|
|
|
|
| LEADER |
01256cam a2200301 7i4500 |
| 001 |
0000045574 |
| 005 |
20170330090000.0 |
| 020 |
|
|
|a 9781848720220 (hbk. ; vol. 1)
|
| 020 |
|
|
|a 1848720238 (hbk. ; vol. 2)
|
| 020 |
|
|
|a 9781848720237 (hbk. ; vol. 2)
|
| 020 |
|
|
|a 184872022X (hbk. ; vol. 1)
|
| 020 |
|
|
|a 1848720610
|
| 020 |
|
|
|a 9781848720619 (hbk. ; set)
|
| 090 |
0 |
0 |
|a BF20
|b .I267 2010
|
| 110 |
0 |
|
|a International Congress of Psychology(:
|c Berlin))
|
| 245 |
1 |
0 |
|a International perspectives on psychological science
|c edited by Peter A. Frensch and Ralf Schwarzer.
|
| 260 |
|
|
|a Hove, East Sussex:
|b Psychology Press,
|c 2010.
|
| 300 |
|
|
|a 2 v.:
|b ill.;
|c 24 cm.
|
| 505 |
1 |
|
|a v. 1. Cognition and neuropsychology -- v. 2. Personality, human development, and culture
|
| 650 |
0 |
0 |
|a Psychology
|
| 700 |
1 |
|
|a Frensch, Peter A.
|
| 700 |
1 |
|
|a Schwarzer, Ralf
|
| 997 |
|
|
|a Education & Social Sciences, Faculty
|b Social Sciences, Department
|
| 998 |
|
|
|a Industrial Psychology, Degree
|
| 999 |
|
|
|a 0000055795
|b BOK
|c OPEN SHELF
|e 1st Floor, Bestari Jaya
|
| 999 |
|
|
|a 0000055796
|b BOK
|c OPEN SHELF
|e 1st Floor, Bestari Jaya
|
| 999 |
|
|
|a 0000055855
|b BOK
|c OPEN SHELF
|e 1st Floor, Bestari Jaya
|
| 999 |
|
|
|a 0000055869
|b BOK
|c OPEN SHELF
|e 1st Floor, Bestari Jaya
|